| 000 | 01056nam a22002774aa4500 | ||
|---|---|---|---|
| 003 | BOFEUTO | ||
| 005 | 20260512174106.0 | ||
| 008 | 260504t2025 bo gr 000 f spa d | ||
| 040 |
_6BOFEUTO _aBOFEUTO _cBOFEUTO |
||
| 041 | _aspa | ||
| 044 | _abo | ||
| 082 |
_aTE6310 _bP426e |
||
| 100 |
_aPérez Viscarra, Erick _eautor |
||
| 245 |
_aEstrategias de Flywheel marketing para incrementar la cantidad de estudiantes del Instituto Maranatha del Municipio de Oruro. / _cErick Pérez Viscarra, Douglas Guzmán Gutiérrez |
||
| 260 |
_aOruro : _bs/n, _c2025. |
||
| 300 |
_a144 hojas ; _btab, gráf. ; _c28.5 cm. |
||
| 500 | _aIncluye bibliografía, anexos. | ||
| 502 | _aTesis Dirigida, (Licenciatura) -- Universidad Técnica de Oruro, Facultad de Ciencias Económicas, Financieras y Administrativas, Carrera Administración de Empresas, 2025. | ||
| 650 | _aEstrategias de Marketing | ||
| 653 | _aCantidad | ||
| 653 | _aIncremento | ||
| 653 | _aMarketing | ||
| 653 | _aSistema | ||
| 700 |
_aGuzmán Gutiérrez, Douglas _etutor |
||
| 942 |
_2ddc _cTE _n0 |
||
| 999 |
_c16165 _d16165 |
||